000 01226nam a22002657a 4500
005 20111128105318.0
010 _aENG-104210 B-464038
020 _a9780415501644
_c795.00
035 _aEN-87743 B-464038
037 _bDBAD/PUB
037 _bAllied Pub/Ven
082 _a303.6250954
100 _aPrabhakara, M.S.
_947652
245 _aLooking back into the future :
_cby M.S. Prabhakara
_bidentity & insurgency in Northeast India /
260 _aNew Delhi
_bRoutledge
_c2012
270 _a912 Tolstoy House, 15-17 Tolstoy Marg, Connaught Place
_bNew Delhi
_e110001
300 _axxvi,286p.
_c22cm (Hb)
500 _aIncludes bibliographical references and index
700 _936195
710 _936196
942 _2ddc
_cEN
_mPRA
_h303.6250954
999 _c58729
_d58729